Top 50 Scorers in the Top 5 Leagues of the 2000s - Statistics

General Stats
  • This quiz has been taken 329 times
  • The average score is 30 of 50
Answer Stats
# G Club(s) Country Player % Correct
1 202 Arsenal (169) & FC Barcelona (33) Thierry Henry
99%
2 170 Mallorca (54), FC Barcelona (108) & Inter Milan (8) Samuel Eto'o
97%
39 91 Manchester United (84) & Real Madrid (7) Cristiano Ronaldo
93%
32 99 Inter Milan (7), Real Madrid (83) & AC Milan (9) Ronaldo
93%
26 108 EA Guingamp (20), Olympique Marseille (19) & Chelsea (69) Didier Drogba
90%
4 147 AS Roma (147) Francesco Totti
90%
6 141 Manchester United (95) & Real Madrid (46) Ruud van Nistelrooy
90%
7 133 Real Madrid (133) Raúl
89%
11 126 AC Milan (117) & Chelsea (9) Andriy Shevchenko
86%
11 126 Atlético Madrid (76) & Liverpool (50) Fernando Torres
83%
14 118 Manchester United (10), Villarreal (54) & Atlético Madrid (54) Diego Forlán
81%
22 111 Bayer 04 Leverkusen (69), Tottenham Hotspur (27) & Manchester United (15) Dimitar Berbatov
81%
36 94 Everton (15) & Manchester United (79) Wayne Rooney
81%
39 91 Juventus (23), Inter Milan (57) & FC Barcelona (11) Zlatan Ibrahimovic
81%
20 115 Liverpool (74), Real Madrid (13), Newcastle United (26) & Manchester United (2) Michael Owen
80%
34 98 Paris Saint-Germain (17), FC Barcelona (70) & AC Milan (11) Ronaldinho
80%
18 116 Juventus (136) Alessandro Del Piero
78%
21 112 Coventry City (4), Leeds United (12), Tottenham Hotspur (91) & Liverpool (5) Robbie Keane
78%
7 133 AS Monaco (10) & Juventus (123) David Trézéguet
77%
29 100 West Ham United (11) & Chelsea (89) Frank Lampard
75%
10 129 Vicenza (9), Brescia (15), Palermo (20), ACF Fiorentina (47) & Bayern Munich (38) Luca Toni
74%
22 111 Parma (11), SS Lazio (39), Inter Milan (27), Chelsea (20), AC Milan (10) & Genoa (4) Hernán Crespo
73%
16 117 1. FC Kaiserslautern (44), Werder Bremen (53) & Bayern Munich (20) Miroslav Klose
71%
29 100 Real Madrid (2), Paris Saint-Germain (10), Liverpool (4), Manchester City (38), Bolton Wanderers (21) & Chelsea (25) Nicolas Anelka
71%
14 118 Werder Bremen (45), Bayern Munich (71) & Chelsea (2) Claudio Pizarro
70%
44 88 Juventus (19) & AC Milan (69) Filippo Inzaghi
70%
3 148 Deportivo La Coruña (70) & Bayern Munich (78) Roy Makaay
67%
38 93 Newcastle United (93) Alan Shearer
66%
9 130 Zaragoza (32) & Valencia (98) David Villa
66%
45 86 Bayer 04 Leverkusen (27), Bayern Munich (44) & Chelsea (15) Michael Ballack
62%
47 85 Zaragoza (51), Genoa (24) & Inter Milan (10) Diego Milito
57%
47 85 Empoli (18) & Udinese (67) Antonio Di Natale
56%
16 117 AJ Auxerre (70), Liverpool (13), Olympique Marseille (24) & Sunderland (10) Djibril Cissé
56%
25 109 Inter Milan (95), AC Milan (1), AS Monaco (3), Atalanta (4) & ACF Fiorentina (6) Christian Vieri
54%
5 142 Deportivo La Coruña (1), FC Girondins de Bordeaux (65) & Paris Saint-Germain (76) Pauleta
54%
28 102 Atlético Madrid (9), Chelsea (69), Middlesbrough (22) & Charlton Athletic (2) Jimmy Floyd Hasselbaink
53%
36 94 West Ham United (18), Tottenham Hotspur (60) & Portsmouth (16) Jermain Defoe
52%
24 110 Olympique Lyonnais (1), West Ham United (29), Tottenham Hotspur (15) & Sevilla (65) Frédéric Kanouté
41%
13 120 Piacenza (3), Hellas Verona (5), Parma (50), AC Milan (36) & ACF Fiorentina (26) Alberto Gilardino
35%
39 91 Leeds United (59), Middlesbrough (26) & Newcastle United (6) Mark Viduka
35%
29 100 VfB Stuttgart (39) & Schalke 04 (61) Kevin Kuranyi
25%
35 95 Werder Bremen (77), Schalke 04 (14), Hamburger SV (3) & MSV Duisburg (1) Aílton
18%
27 106 Parma (38), Juventus (18), Valencia (11), AS Monaco (8), Genoa (3) & Bologna FC Marco Di Vaio
17%
43 89 ES Troyes (8), RC Strasbourg Alsace (21) & Olympique Marseille (60) Mamadou Niang
16%
39 91 Mallorca (9), Deportivo La Coruña (78), Livorno (1) & West Ham United (3) Diego Tristán
13%
18 116 Espanyol (116) Raúl Tamudo
13%
32 99 Lecce (21), Torino FC (10), Livorno (64) & Parma (4) Cristiano Lucarelli
11%
47 85 Southampton (63), Everton (13) & Stoke City (9) James Beattie
11%
45 86 Empoli (17) & SS Lazio (69) Tommaso Rocchi
6%
47 85 RC Strasbourg Alsace (13), Olympique Lyonnais (33), Olympique Marseille (10), AJ Auxerre (10) & Paris Saint-Germain (19) Péguy Luyindula
2%
No matching quizzes found
Score Distribution
Percent of People with Each Score
Percentile by Number Answered
Your Score History
You have not taken this quiz